Guess the NFL Player's College - Statistics

General Stats
  • This quiz has been taken 560 times
    547 since last reset
  • The average score is 26 of 35
Answer Stats
Player Answer % Correct
Derrick Henry Alabama
99%
Jaxon Smith-Njigba Ohio State
95%
Jayden Daniels LSU/Arizona State
93%
Jalen Hurts Oklahoma/Alabama
93%
Micah Parsons Penn State
93%
Ja'marr Chase LSU
92%
Lamar Jackson Louisville
90%
CJ Stroud Ohio State
88%
Marvin Harrison Jr Ohio State
87%
Christian McCaffrey Stanford
87%
Caleb Williams USC
87%
Josh Allen Wyoming
87%
Travis Hunter Colorado/Jackson State
86%
Travis Kelce Cincinnati
85%
Cam Ward Miami
84%
Justin Herbert Oregon
84%
Aidan Hutchinson Michigan
82%
CeeDee Lamb Oklahoma
82%
Aaron Rodgers UC Berkeley
82%
Myles Garrett Texas A&M
77%
Nick Bosa Ohio State
75%
Amon-Ra St. Brown USC
75%
George Kittle Iowa
74%
Jonathan Taylor Wisconsin
73%
Davante Adams Fresno State
67%
TJ Watt Wisconsin
67%
Jalen Ramsey Florida State
66%
Tyreek Hill West Alabama/Oklahoma State
62%
Cooper Kupp Eastern Washington
58%
Fred Warner BYU
50%
Dexter Lawrence II Clemson
49%
Lane Johnson Oklahoma
46%
Trent Williams Oklahoma
34%
Grady Jarrett Clemson
28%
Matthew Judon Grand Valley State
21%
No matching quizzes found
Score Distribution
Percent of People with Each Score
Percentile by Number Answered
Your Score History
You have not taken this quiz since the last reset